• ҳ
  • ݽ
  • ֪ͨ
  • ݲؼ
  • Դ
  • ߵ
  • οѯ
  • ҵͼ
  • ¼
  • ڿϸʾ
  • ֿʾ
  • ϶ʾ
  • ƪĿϢʾ

ڿϢ

  • 表格格式
  • 工作单格式
  • 卡片格式
索取号 
H31/CE
题名 
College English
作者 
PATRICIA HARKIN
分册号 
分册名 
出版地 
U.S.
出版者 
National Council of Teachers
标准刊号 
出版频率 
˫¿
中图法分类 
H31
主题词 
Ӣ
电子资源 
000 00675nas0 2200217 45
001 0638601625
005 20210916160955.35
011    @d$40.00(2003)PER YEAR
100    @a20060227d km y0chiy0120 ea
101 0  @aeng
200 1  @aCollege English@fPATRICIA HARKIN
207    @aCollege English is published bimonthly in September,November,January,March,May,and July by the National Council of Teachers of English.
210    @aU.S.@cNational Council of Teachers
215    @a110ҳ@d23cm
300    @a2003(3)δװܼ1
326    @a˫¿
606 0  @aӢ
690    @aH31@v4
701  0 @aPATRICIA HARKIN
801  0 @aCN@bPFT@c20070416
905    @aTJWY@dH31@eCE
    
    College English/PATRICIA HARKIN.-College English is published bimonthly in September,November,January,March,May,and July by the National Council of Teachers of English.-U.S.National Council of Teachers
    110ҳ23cm
    2003(3)δװܼ1
    
    $40.00(2003)PER YEAR
    
●
相关链接: 在易读查询期刊 在中国知网中查询期刊 在万方数据查询期刊 在维普查询期刊
ɽʦѧԺͼ 欢迎您!
大连网信软件有限公司© 版权所有